000 00937nam a22002297a 4500
005 20240326142104.0
010 _aHIN-127220
020 _c400.00
035 _aHN-99566
037 _bDBAD/PUB.
082 _a320.954
100 _aरामफल सिंह
_963928
245 _aनेहरु जी का भारत के राष्टीय एकीकरण और प्रजातंत्र के सुदृढीकारण में योगदान/
_cरामफल सिंह
250 _a1
260 _aदिल्ली
_bसजग प्रकाशन
_c2021
270 _aबी-26 पटपटगंज इंडस्ट्रियल एरिया
_bदिल्ली
_e110092
300 _a192 पृ;
_c22 सेमी (अजिल्द)
700 _963915
700 _963916
700 _963917
942 _adpl
_cHN
_2ddc
_h320.954
_mरामफ
999 _c201766
_d201766